000 00656nam a2200229 a 4500
001 BRL_168
005 20190320210622.0
008 840319s1947 fr-af#####---#000-0#fre-#
041 _afre
044 _afr
050 4 _aND621.S6
_b.P67 1947
100 1 _aPope-Hennessy, John Wyndham
_d1913-1994
_923098
245 1 0 _aLa peinture siennoise du Quattrocento
_cpar John Pope-Hennessy.
260 _aParis
_bPhaidon
_c1947
300 _a33 p.
_bil., 91 láminas
_c31 cm.
500 _aIncluye índice alfabético
500 _aAu194
650 1 4 _aPintura
_zSiena (Francia)
_923099
650 1 4 _aPintura renacentista
_97759
902 _aGRL
942 _2lcc
_cB
999 _c8981
_d8981